Statystyki dla Czy znasz rozwinięcia skrótów?

Kliknij tutaj aby rozwiązać quiz!

Ogólne statystyki

  • Ten quiz został rozwiązany 234 razy
  • Średni wynik to 9 z 20

Statystyki odpowiedzi

SkrótPełna nazwa% Poprawnych
PiSPrawo i Sprawiedliwość
96%
NFZNarodowy Fundusz Zdrowia
88%
NBPNarodowy Bank Polski
83%
PZPNPolski Związek Piłki Nożnej
76%
ONZOrganizacja Narodów Zjednoczonych
72%
ZUSZakład Ubezpieczeń Społecznych
69%
PKBProdukt Krajowy Brutto
67%
PKPPolskie Koleje Państwowe
66%
PRLPolska Rzeczpospolita Ludowa
63%
MSZMinisterstwo Spraw Zagranicznych
47%
ŻWŻandarmeria Wojskowa
39%
PANPolska Akademia Nauk
28%
PGRPaństwowe Gospodarstwa Rolne
27%
PZUPowszechny Zakład Ubezpieczeń
23%
PGNiGPolskie Górnictwo Naftowe i Gazownictwo
22%
AZSAkademicki Związek Sportowy
18%
PWNPaństwowe Wydawnictwo Naukowe
17%
KOPKorpus Ochrony Pogranicza
8%
CSPCentrum Szkolenia Policji
5%
CPNCentrala Przemysłu Naftowego
2%

Rozkład punktacji

Percentyl według liczby udzielonych odpowiedzi

Procent ludzi z każdym wynikiem

Twoja historia wyników

Nie rozwiązałeś tego quizu